| Tag |
First Indicator |
Second Indicator |
Subfields |
| LEADER |
00000cam a2200000 i 4500 |
| 001 |
in00001242607 |
| 005 |
20151003070903.0 |
| 008 |
790810s1978 ilu b 000 0 eng d |
| 035 |
|
|
|a (OCoLC)05260839
|
| 035 |
|
|
|9 AGT3059AM
|
| 040 |
|
|
|a TSM
|c TSM
|d OCL
|d TXA
|d UtOrBLW
|
| 049 |
|
|
|a TXAM
|
| 090 |
|
|
|a BX1970
|b .L55 1978
|
| 245 |
0 |
0 |
|a Liturgy with style and grace :
|b [a basic manual for planners & ministers /
|c preface by Gabe Huck].
|
| 264 |
|
1 |
|a Chicago :
|b Liturgy Training Program, Archdiocese of Chicago,
|c [1978]
|
| 264 |
|
4 |
|c ©1978
|
| 300 |
|
|
|a 241 pages ;
|c 23 cm.
|
| 336 |
|
|
|a text
|b txt
|2 rdacontent
|
| 337 |
|
|
|a unmediated
|b n
|2 rdamedia
|
| 338 |
|
|
|a volume
|b nc
|2 rdacarrier
|
| 504 |
|
|
|a Includes bibliographical references.
|
| 610 |
2 |
0 |
|a Catholic Church
|x Liturgy.
|
| 650 |
|
0 |
|a Liturgical movement
|x Catholic Church.
|
| 700 |
1 |
|
|a Huck, Gabe.
|
| 999 |
|
|
|a MARS
|
| 999 |
f |
f |
|s 8a041fba-3d7e-3f4f-ac00-3e810d2ddc82
|i b48ec3ea-63d1-342c-8e9a-61982140787e
|t 0
|
| 952 |
f |
f |
|p ric
|a Texas A&M University
|b Rellis Campus
|c Joint Library Facility
|d Remote Storage
|t 0
|e BX1970 .L55 1978
|h Library of Congress classification
|i unmediated -- volume
|m A14819160165
|
| 998 |
f |
f |
|a BX1970 .L55 1978
|t 0
|l Remote Storage
|